Interior plantscapes: installation, maintenance, and management

Gespeichert in:
Bibliographische Detailangaben
1. Verfasser: Manaker, George H. (autor)
Format: Buch
Sprache:Englisch
Veröffentlicht: Englewood Cliffs Prentice Hall 1987
Ausgabe:2a. ed
Schlagworte:
Tags: Tag hinzufügen
Keine Tags, Fügen Sie den ersten Tag hinzu!

MARC

LEADER 00000cam a2200000 a 4500
001 UCE7188
003 CL-VaPUC
008 150529e19870000us |||||||||||||||||eng|d
020 |a 0134693213 
082 0 4 |a 635.975   |b MAN  |2 21 
100 |a Manaker, George H.  |e autor  |9 579883 
245 1 0 |a Interior plantscapes: installation, maintenance, and management 
250 |a 2a. ed 
300 |a 324 p 
942 |c BK 
945 |d 20150529 15:00:00  |a gsalatino 
260 |a Englewood Cliffs  |b Prentice Hall  |c 1987 
650 7 |a PLANTAS DE FOLLAJE  |2 CL-VaPUC  |9 579884 
650 7 |a PLANTAS DE INTERIORES  |2 CL-VaPUC  |9 579885 
650 0 |a decoración de interiores   |9 263422 
583 |a last modification  |c 20150602 11:33:07  |k Rodrigo Vera 
999 |c 359310  |d 359308 
952 |0 0  |1 0  |3 erb  |4 0  |6 635_975000000000000_MAN_1987  |7 0  |8 A  |9 468466  |a BIBAGR  |b BIBAGR  |i 5160553  |o 635.975 MAN 1987  |p 5160553  |r 2025-01-20  |w 2019-11-23  |y BK  |z Catalogado en:20150529  |k AGR